Sports Quiz

Random Sports or MLB Quiz

2012 Boston Red Sox Spring Training Quiz Stats

 Plays Quiz not verified by Sporcle

Score 0/65 Timer 06:00
0 Plays Today
# Player % Correct
2Jacoby Ellsbury
96.3%
15Dustin Pedroia
96.3%
20Kevin Youkilis
93%
31Jon Lester
93%
19Josh Beckett
91.8%
28Adrian Gonzalez
91.8%
13Carl Crawford
91.4%
34David Ortiz
90.5%
39Jarrod Saltalamacchia
85.6%
11Clay Buchholz
83.5%
51Daniel Bard
82.7%
3Mike Aviles
81.1%
7Cody Ross
77%
18Daisuke Matsuzaka
77%
40Andrew Bailey
74.5%
5Nick Punto
73.3%
12Ryan Sweeney
71.2%
10Kelly Shoppach
69.1%
41John Lackey
69.1%
54Darnell McDonald
66.3%
76Jose Iglesias
65.4%
91Alfredo Aceves
65%
30Andrew Miller
63.4%
37Mark Melancon
63%
60Ryan Lavarnway
62.1%
44Vicente Padilla
57.6%
35Aaron Cook
56.8%
61Felix Doubront
55.6%
83Will Middlebrooks
54.3%
55Ryan Kalish
53.9%
52Bobby Jenks
50.6%
62Lars Anderson
49%
46Franklin Morales
47.3%
# Player % Correct
32Matt albers
46.9%
53Rich Hill
44%
63Junichi Tazawa
41.6%
85Che-Hsuan Lin
40.7%
23Carlos Silva
37%
64Michael Bowden
35.8%
92Luis Exposito
33.7%
N/AChris Carpenter
32.5%
77Pedro Ciriaco
30%
16Jason Repko
29.6%
47Ross Ohlendorf
29.6%
89Alex Wilson
29.2%
48Scott Atchinson
28.8%
59Clayton Mortensen
28%
87Drake Britton
27.6%
72Mauro Gomez
27.2%
78Justin Thomas
27.2%
74Stolmy Pimentel
26.3%
86Juan Carlos Linares
25.9%
67Tony Pena
25.1%
71Nate Spears
25.1%
84Oscar Tejeda
24.7%
82Alex Hassan
23%
50Justin Germano
22.2%
81Dan Butler
22.2%
56Brandon Duckworth
21.4%
80Chorye Spoone
21%
58Jesse Carlson
20.6%
79Will Inman
20.6%
70Doug Mathis
18.5%
73Josh Kroeger
17.3%
75Max St. Pierre
16.9%

You're not logged in!

Compare scores with friends on all Sporcle quizzes.
OR
Log In

Show Comments

Extras

Top Quizzes Today


Score Distribution

Your Account Isn't Verified!

In order to create a playlist on Sporcle, you need to verify the email address you used during registration. Go to your Sporcle Settings to finish the process.

Report this User

Report this user for behavior that violates our Community Guidelines.

Details: